ARRUPE JESUIT UNIVERSITY

CORONAVIRUS -STOP THE SPREAD - CLEAN,DISINFECT,COVER

A new song for the Lord : (Record no. 117928)

MARC details
000 -LEADER
fixed length control field 01178cam a2200313 a 4500
001 - CONTROL NUMBER
control field 1635792
003 - CONTROL NUMBER IDENTIFIER
control field ARRUPE
005 - DATE AND TIME OF LATEST TRANSACTION
control field 20130919170231.0
008 - FIXED-LENGTH DATA ELEMENTS--GENERAL INFORMATION
fixed length control field 960719s1996 nyu b 000 0 eng
010 ## - LIBRARY OF CONGRESS CONTROL NUMBER
LC control number 96033184
020 ## - INTERNATIONAL STANDARD BOOK NUMBER
International Standard Book Number 0824515366 (pbk.)
040 ## - CATALOGING SOURCE
Original cataloging agency DLC
Transcribing agency DLC
Modifying agency DLC
041 1# - LANGUAGE CODE
Language code of text/sound track or separate title eng
Language code of original and/or intermediate translations of text ger
050 00 - LIBRARY OF CONGRESS CALL NUMBER
Classification number BX1969
Item number .R3813 1996
082 00 - DEWEY DECIMAL CLASSIFICATION NUMBER
Classification number 264/.02/001
Edition number 20
300 ## - PHYSICAL DESCRIPTION
Dimensions 23 cm.
100 0# - MAIN ENTRY--PERSONAL NAME
Personal name Benedict
Numeration XVI,
Titles and other words associated with a name Pope,
Dates associated with a name 1927-
9 (RLIN) 769
240 10 - UNIFORM TITLE
Uniform title <a href="Neues Lied für den Herrn.">Neues Lied für den Herrn.</a>
Language of a work English
245 12 - TITLE STATEMENT
Title A new song for the Lord :
Remainder of title faith in Christ and liturgy today /
Statement of responsibility, etc Joseph Cardinal Ratzinger ; translated from the German by Martha M. Matesich.
260 ## - PUBLICATION, DISTRIBUTION, ETC. (IMPRINT)
Place of publication, distribution, etc New York :
Name of publisher, distributor, etc Crossroad Pub.,
Date of publication, distribution, etc 1996.
300 ## - PHYSICAL DESCRIPTION
Extent x, 178 p. ;
500 ## - GENERAL NOTE
General note "A Crossroad Herder book."
504 ## - BIBLIOGRAPHY, ETC. NOTE
Bibliography, etc Includes bibliographical references.
610 20 - SUBJECT ADDED ENTRY--CORPORATE NAME
Corporate name or jurisdiction name as entry element Catholic Church
General subdivision Liturgy.
9 (RLIN) 770
610 20 - SUBJECT ADDED ENTRY--CORPORATE NAME
Corporate name or jurisdiction name as entry element Catholic Church
General subdivision Doctrines.
9 (RLIN) 771
650 #0 - SUBJECT ADDED ENTRY--TOPICAL TERM
Topical term or geographic name as entry element Public worship
General subdivision Catholic Church.
9 (RLIN) 772
906 ## - LOCAL DATA ELEMENT F, LDF (RLIN)
a 7
b cbc
c orignew
d 1
e ocip
f 19
g y-gencatlg
942 ## - ADDED ENTRY ELEMENTS (KOHA)
Source of classification or shelving scheme Library of Congress Classification
Koha item type Monograph ( Printed materials)
Holdings
Withdrawn status Lost status Source of classification or shelving scheme Damaged status Not for loan Home library Current library Date acquired Total Checkouts Full call number Barcode Date last seen Price effective from Koha item type
    Library of Congress Classification     ARRUPE LIBRARY ARRUPE LIBRARY 19/09/2013   BX1969 .R3813 1996 46411278 22/11/2017 19/09/2013 Monograph ( Printed materials)

 

Arrupe Library. PO Box MP320 Mt Pleasant, Harare, Zimbabwe
263 242 745411|librarian@aju.ac.zw